Find the Herbs and Spices! Quiz Stats

Quiz Updated Apr 8, 2016

Challenge
Share
Tweet
Score 0/29 Timer 04:00
2 Plays Today
% Correct
Chilli Peppers
92.2%
Cinnamon
90.6%
Green Peppercorns
87.2%
Star Anise
85.3%
Juniper Berries
82.3%
Nutmeg
79.7%
Vanilla
77.8%
Dill
76.8%
Mint
76.4%
Coriander|Cilantro
75.9%
Ginger
75.2%
Chives
74.4%
Cloves
72.9%
Basil
69.1%
Rosemary
67.9%
% Correct
Parsley
65.3%
Kaffir Lime Leaves
64.3%
Saffron
62.5%
Thyme
58.5%
Sage
56.6%
Lemongrass
54.5%
Cumin
54.4%
Tarragon
51.8%
Turmeric
50.4%
Cardamom
49.7%
Mace
44.2%
Oregano
42%
Fenugreek
41.1%
Bay
29.6%

You're not logged in!

Compare scores with friends on all Sporcle quizzes.
Join for Free
OR
Log In

You Might Also Like...

Show Comments

Extras

Top Quizzes Today


Score Distribution

Your Account Isn't Verified!

In order to create a playlist on Sporcle, you need to verify the email address you used during registration. Go to your Sporcle Settings to finish the process.

Report this User

Report this user for behavior that violates our Community Guidelines.

Details: